LEADER 01129nam a2200265 i 4500 001 000000170907 003 CaOOAMICUS 005 20080414000000.0 008 080414s1970 it u000 u ita u 013 $a148323 040 $aSeMil$bita 100 1 $aGaravini, Fausta.$0(OLS)http://semarc/name/43359 245 13$aLa letteratura occitanica moderna /$cFausta Garavini. 260 $aMilano :$bAccademia,$ccopyr. 1970. 260 $aFirenze :$bSansoni,$ccopyr. 1970. 300 $a274 p. ;$c20 cm. 490 0 $aLe letterature del mondo : enciclopedia universale delle letterature ;$v50 500 $aContiene : Bibliografia. 650 4$aLetteratura provenzale moderna.$0(OLS)http://semarc/subject/32528 830 3$aLe letterature del mondo ;$v50.$0(OLS)http://semarc/title/8394 850 $aSeMil 852 $aSeMil$W1$xVenegono$y1$m1R III 85$j257800$B121788$CSeMilBibl$Z2$F133062 $81 996 $6245$aLa letteratura occitanica moderna$9(OLS)http://semarc/title/244455 996 $6260$aFirenze :$bSansoni$9(OLS)http://semarc/publisher/29843 996 $6260$aMilano :$bAccademia$9(OLS)http://semarc/publisher/30912 LEADER 01350nam a2200265 i 4500 001 000000068402 003 CaOOAMICUS 005 20100722000000.0 008 100722s1921 it u000 u ita u 013 $a39574 040 $aSeMil$bita 100 1 $aVarvello, Francesco.$0(OLS)http://semarc/name/8994 245 10$aMetaphysica. 2., complectens metaphysicam specialem seu cosmologiam, pneumatologiam, theodiceam /$cFranciscus Varvello. 250 $aEditio quarta. 260 $aTorino :$bSocietà Editrice Internazionale,$c1921. 300 $a439 p. ;$c23 cm. 650 4$aMetafisica.$0(OLS)http://semarc/subject/188 650 4$aPneumatologia.$0(OLS)http://semarc/subject/1581 650 4$aCosmologia.$0(OLS)http://semarc/subject/1855 650 4$aTeodicea.$0(OLS)http://semarc/subject/1184 773 0 $aVarvello, Francesco$tInstitutiones philosophiae.$dTorino : Libreria Editrice Internazionale della SAID Buona Stampa : [poi]... Società Editrice Internazionale, 1899.$gPars2$w()20085 850 $aSeMil 852 $aSeMil$W1$xVenegono$y1$m2O III 25$j34555$B34555$CSeMilBibl$Z2$F34558 $81 996 $6245$aMetaphysica. 2., complectens metaphysicam specialem seu cosmologiam, pneumatologiam, theodiceam$9(OLS)http://semarc/title/109191 996 $6260$aTorino :$bSocietà Editrice Internazionale$9(OLS)http://semarc/publisher/29847